| 000 | 00690 a2200229 4500 | ||
|---|---|---|---|
| 003 | CBULib | ||
| 005 | 20250722094023.0 | ||
| 008 | 241101b |||||||| |||| 00| 0 eng d | ||
| 020 | _a9780128099520 | ||
| 040 |
_bEnglish _cCBULib _erda |
||
| 041 | _aeng | ||
| 050 | _aTA 347 Bi | ||
| 100 |
_aBi, Zhuming _93925 |
||
| 245 |
_aFinite element analysis applications : a systematic and practical approach _c/ by Zhuming Bi |
||
| 260 |
_bElsevier, _c2018 _aLondon : |
||
| 300 | _axv, 504 pages : illustrations | ||
| 336 |
_2rdacontent _aText | _btxt |
||
| 337 |
_2rdamedia _aUnmediated | _bn |
||
| 338 |
_2rdacarrier _aVolume _bnc |
||
| 650 | 0 |
_9371 _aFINITE ELEMENT METHOD |
|
| 942 |
_2lcc _c002 |
||
| 999 |
_c85727 _d85727 |
||